=LDR 00000nam 2200000 4500 =001 INLIS000000000037346 =005 20130612143059 =008 ***********************************Ind** =035 ##$$0010-061300000037346 =041 ##$$a Ind =082 ##$$a 641.5 =090 ##$$a 641.5, Kus m =100 ##$$a Kusuma, Wahyu =245 ##$$a Makanan olahan di daur ulang, Wahyu Kusuma, Rafeila Reggie; Editor, Intarina Hardiman =260 ##$$a 2011 $b Jakarta =300 ##$$a 56 hlm., ilus, 24 cm =650 ##$$a Masakan - Resep =700 ##$$a Reggie, Rafelia =850 ##$$a NBPNMAT